| 000 | 00484 a2200169 4500 | ||
|---|---|---|---|
| 040 |
_aDLC _bDLC |
||
| 082 | _a519.536 DRA | ||
| 100 | _aDraper, Norman Richard. | ||
| 245 |
_aApplied regression analysis _cNorman Richard Draper, |
||
| 250 | _a3rd. ed. | ||
| 260 |
_aIslamabad : _bNational Book Foundation, _cc1998. |
||
| 300 |
_axvii, 706 p. : _bill. ; _c26 cm. |
||
| 500 | _a Includes Index | ||
| 650 | _aRegression analysis. | ||
| 700 | _aHarry Smith, | ||
| 942 |
_cBK _k519.536 DRA _2ddc |
||
| 999 |
_c7657 _d7657 |
||